000 01245cam a2200325 i 4500
001 zz2007929577
003 NUKAT
005 20260411205322.0
008 070918s1913 gw d |000 0dger c
035 _a(OCoLC)749436860
035 _a(NUKAT)zz2007929577
040 _aTOR U/PDJR
_cTOR U/PDJR
_dTOR U/AP
_dKR 295/ADs
099 _ahh_587139
245 0 0 _aLexikon der Pädagogik.
_nBd. 2,
_pFortbildung bis Kolping /
_cim Verein mit Fachmännern und unter besonderer Mitwirkung von Otto Willmann ; hrsg. von Ernst M. Roloff.
246 3 _aFortbildung bis Kolping
260 _aFreiburg im Breisgau :
_bHerdersche Verlagshandlung,
_c1913.
300 _aXI, [1] s., 1344 szp. ;
_c26 cm.
336 _aTekst
_btxt
_2rdacontent
337 _aBez urządzenia pośredniczącego
_bn
_2rdamedia
338 _aWolumin
_bnc
_2rdacarrier
380 _aKsiążki
650 7 _aPedagogika
_2DBN
_939342
650 7 _aEdukacja
_vencyklopedie.
_2kaba
_939889
650 7 _aPedagogika
_vencyklopedie.
_2kaba
_939890
655 7 _aEncyklopedia
_2DBN
_934994
700 1 _aWillmann, Otto
_d(1839-1920).
_eOprac.
_939891
700 1 _aRoloff, Ernst Max
_d(1867-1935).
_eRed.
_939892
710 2 _aHerdersche Verlagsbuchhandlung.
_4pbl
_936009
942 _2ddc
_cBK_NM
999 _c27541
_d27541